Wortgemisch - Deutsche Lieder #9 - Statistiken

Allgemein
  • Dieses Quiz wurde 486 mal gespielt
  • Das Durchschnittsergebnis liegt bei 12 aus 15
Antwortstatistiken
Hint Antwort % Korrekt
mamaH Hamma
98%
sDa liSpe Das Spiel
94%
oS lols se beliebn So soll es bleiben
94%
oS iwe ud stib So wie du bist
94%
oW lilstw ud nih? Wo willst du hin?
94%
saD loMed Das Model
92%
Bckü hicd ochh Bück dich hoch
91%
eDi tWle hestt lilst Die Welt steht still
91%
shlaF ichm Flash mich
85%
reD feckschlutKn Der Knutschfleck
81%
rauHr eid leWt hegt treun Hurra die Welt geht unter
77%
remmI weider sanSongt Immer wieder Sonntags
66%
keiramA Amerika
62%
Sörchen refderm naMn Schöner fremder Mann
44%
linirzeHe Herzilein
42%
Keine übereinstimmenden Quizze gefunden
Verteilung der Resultate
Anzahl Personen mit jedem Resultat
Perzentil nach korrekt beantworteten Fragen
Ihre Resultats-Entwicklung
Sie haben dieses Quiz noch nicht gespielt